| 000 | 00462nam a2200169 a 4500 | ||
|---|---|---|---|
| 005 | 20140317101645.0 | ||
| 008 | 140317b1996 ck ||||| |||| 00| 0 spa d | ||
| 041 | _aspa | ||
| 044 | _ack | ||
| 090 |
_aLB _b04195 |
||
| 100 |
_aLeón M., Guillermo _922121 |
||
| 245 |
_aGrillo de Llanos Orientales _bBiología hábitos y recomendaciones para su manejo |
||
| 260 |
_aVillavicencio _bCORPOICA _c1996 |
||
| 300 | _a16 p. | ||
| 942 |
_cImpreso _2z |
||
| 945 | _d2005-07-21 | ||
| 999 |
_c4698 _d4698 |
||